Statistics for Super Smash Bros Ultimate All Characters

Click here to take the quiz!

General Stats

  • This quiz has been taken 11,421 times
    (6,536 since last reset)
  • The average score is 66 of 86

Answer Stats

SeriesCharacter% Correct
Super _____Mario
100%
Super _____Luigi
98%
Super _____Peach
97%
The Legend of _____Link
95%
Super _____Bowser
94%
______ ____ CountryDonkey Kong
94%
The Legend of _____Zelda
94%
Super _____Daisy
92%
PokemonPikachu
92%
MetroidSamus
92%
_____WareWario
92%
______ ____ CountryDiddy Kong
91%
_____ the HedgehogSonic
90%
PokemonPokemon Trainer
89%
Star ___Fox
87%
MinecraftSteve
87%
Star ___Falco
84%
The Legend of _____Ganondorf
84%
Kid IcarusPit
84%
The Legend of _____Toon Link
84%
MotherNess
83%
F-ZeroCaptain Falcon
82%
MetroidDark Samus
82%
_____Kirby
82%
Metal Gear SolidSnake
82%
Animal CrossingVillager
82%
Kid IcarusDark Pit
81%
MotherLucas
81%
Fire EmblemMarth
81%
Street FighterRyu
81%
Star ___Wolf
81%
_____Yoshi
81%
The Legend of _____Young Link
81%
MetroidZero Suit Samus
81%
SplatoonInkling
80%
______ ____ CountryKing K. Rool
80%
Punch-Out!!Little Mac
80%
PokemonPichu
80%
MetroidRidley
80%
Super _____Bowser Jr.
79%
Street FighterKen
79%
PikminPikmin & Olimar
79%
The Legend of _____Sheik
79%
Final FantasyCloud Strife
78%
Animal CrossingIsabelle
77%
PokemonJigglypuff
77%
PersonaJoker
77%
PokemonMewtwo
77%
XenobladePyra & Mythra
77%
PokemonLucario
76%
FIre EmblemLucina
76%
GyromiteR.O.B.
76%
Fire EmblemRoy
76%
Fire EmblemIke
75%
Kingdom HeartsSora
75%
_____King Dedede
73%
Super Smash BrosMii Brawler
73%
Super Smash BrosMii Gunner
73%
Super Smash BrosMii Swordfighter
73%
Kid IcarusPalutena
73%
CastlevaniaSimon
73%
PokemonGreninja
72%
_____Meta Knight
72%
Dragon QuestHero
71%
XenobladeShulk
71%
PokemonIncineroar
70%
Super _____Piranha Plant
69%
Super _____Rosalina + Luma
69%
Fire EmblemChrom
68%
ArmsMin Min
68%
CastlevaniaRichter
68%
Super _____Doctor Mario
67%
Final FantasySephiroth
66%
____ & _____Mr. Game & Watch
64%
Fatal FuryTerry
64%
Fire EmblemByleth
63%
TekkenKazuya
63%
Fire EmblemRobin
63%
_____-_______Banjo & Kazooie
61%
Fire EmblemCorrin
61%
___-___Pac-Man
54%
_________Bayonetta
53%
____ ____Duck Hunt
51%
___ _______Ice Climbers
51%
____ ___Mega Man
51%
___ ___Wii Fit Trainer
46%

Score Distribution

Percentile by Number Answered

Percent of People with Each Score

Your Score History

You have not taken this quiz since the last reset